Catàleg d'ofertes d'accions de sensibilització per als ajuntaments [Recurs electrònic] : 2009 2009
Publicado:
Barcelona :
Diputació de Barcelona. Àrea de Presidència. Direcció de Relacions Internacionals ,
2009
Descripción Física:
1 disc òptic (CD-ROM) ; 12 cm
MARC
| LEADER | 00000nam a2200000Ia 4500 | ||
|---|---|---|---|
| 001 | 23327 | ||
| 008 | 160829s2009 xx 000 0 cat d | ||
| 080 | |a CD-1-203 | ||
| 245 | |a Catàleg d'ofertes d'accions de sensibilització per als ajuntaments [Recurs electrònic] : |b 2009 | ||
| 260 | |a Barcelona : |b Diputació de Barcelona. Àrea de Presidència. Direcció de Relacions Internacionals, |c 2009 | ||
| 300 | |a 1 disc òptic (CD-ROM) ; |c 12 cm | ||
| 590 | |a També està disponible en paper, amb R. 21818 | ||
| 650 | 0 | |a Cooperació internacional |9 20418 | |
| 655 | 0 | |9 54065 |a Recursos electrònics | |
| 710 | |a Barcelona (Catalunya : Província). |b Direcció de Relacions Internacionals |9 51072 | ||
| 901 | |a Arxiu | ||
| 942 | |n 1 |2 udc | ||
| 952 | |0 0 |1 0 |4 0 |6 CD1203 |7 1 |9 54105 |a Arxiu |b Arxiu |d 2011-11-15 |l 0 |o CD-1-203 |p 23327 |r 2016-12-01 00:00:00 |w 2016-12-01 |y ARXIU | ||
| 952 | |0 0 |1 0 |4 0 |6 PDL |7 1 |9 63716 |a Arxiu |b Arxiu |d 2022-09-01 |l 0 |o PDL |p 26638 |r 2022-09-01 00:00:00 |w 2022-09-01 |y ARXIU | ||
| 999 | |c 57973 |d 57973 | ||